| Tag |
First Indicator |
Second Indicator |
Subfields |
| LEADER |
00000nam a22000005i 4500 |
| 001 |
in00004802913 |
| 006 |
m o d |
| 007 |
cr nn 008mamaa |
| 008 |
240405s2024 sz | o |||| 0|eng d |
| 005 |
20240731183142.0 |
| 020 |
|
|
|a 9783031572678
|
| 024 |
7 |
|
|a 10.1007/978-3-031-57267-8
|2 doi
|
| 035 |
|
|
|a (DE-He213)978-3-031-57267-8
|
| 050 |
|
4 |
|a QA76.7-.73
|
| 072 |
|
7 |
|a UMX
|2 bicssc
|
| 072 |
|
7 |
|a COM051010
|2 bisacsh
|
| 072 |
|
7 |
|a UMX
|2 thema
|
| 082 |
0 |
4 |
|a 005.13
|2 23
|
| 245 |
1 |
0 |
|a Programming Languages and Systems :
|b 33rd European Symposium on Programming, ESOP 2024, Held as Part of the European Joint Conferences on Theory and Practice of Software, ETAPS 2024, Luxembourg City, Luxembourg, April 6-11, 2024, Proceedings, Part II /
|c edited by Stephanie Weirich.
|
| 250 |
|
|
|a 1st ed. 2024.
|
| 264 |
|
1 |
|a Cham :
|b Springer Nature Switzerland :
|b Imprint: Springer,
|c 2024.
|
| 300 |
|
|
|a 1 online resource (XVI, 452 pages 143 illustrations, 63 illustrations in color.)
|
| 336 |
|
|
|a text
|b txt
|2 rdacontent
|
| 337 |
|
|
|a computer
|b c
|2 rdamedia
|
| 338 |
|
|
|a online resource
|b cr
|2 rdacarrier
|
| 347 |
|
|
|a text file
|b PDF
|2 rda
|
| 490 |
1 |
|
|a Lecture Notes in Computer Science,
|x 1611-3349 ;
|v 14577
|
| 505 |
0 |
|
|a Quantum Programming / Domain-Specific Languages -- Circuit Width Estimation via Effect Typing and Linear Dependency -- On the Hardness of Analyzing Quantum Programs Quantitatively -- Reconciling Partial and Local Invertibility -- Efficient Matching with Memorization for Regexes with Look-around and Atomic Grouping -- Verification -- A Denotational Approach to Release/Acquire Concurrency -- Intel PMDK Transactions: Specification, Validation and Concurrency -- Artifact report: Intel PMDK Transactions: Specification, Validation and Concurrency -- Verifying Persistent Libraries -- Hyperproperty Verification as CHC Satisfiability -- Program Analysis -- Maximal Quantified Precondition Synthesis for Linear Array Loops -- Verified Inlining and Specialisation for PureCake -- Suspension Analysis and Selective Continuation-Passing Style for Universal Probabilistic Programming Languages -- Higher-Order LCTRSs andTheir Termination -- Abstract Interpretation A Modular Soundness Theory for the Blackboard Analysis Architecture -- Detection of Uncaught Exceptions in Functional Programs by Abstract Interpretation -- Formalizing Date Arithmetic and Statically Detecting Ambiguities for the Law .
|
| 506 |
0 |
|
|a Open Access
|
| 520 |
|
|
|a The two-volume open access book set LNCS 14576 + 14577 constitutes the proceedings of the 33rd European Symposium on Programming, ESOP 2024, which was held during April 6-11, 2024, in Luxemburg, as part of the European Joint Conferences on Theory and Practice of Software, ETAPS 2024. The 25 full papers and 1 fresh perspective paper presented in these proceedings were carefully reviewed and selected from 72 submissions. The papers were organized in topical sections as follows: Part I: Effects and modal types; bidirectional typing and session types; dependent types; Part II: Quantum programming and domain-specific languages; verification; program analysis; abstract interpretation.
|
| 650 |
|
0 |
|a Programming languages (Electronic computers).
|
| 650 |
|
0 |
|a Compilers (Computer programs).
|
| 650 |
1 |
4 |
|a Programming Language.
|
| 650 |
2 |
4 |
|a Compilers and Interpreters.
|
| 655 |
|
7 |
|a Electronic books.
|2 local
|
| 700 |
1 |
|
|a Weirich, Stephanie.
|e editor.
|4 edt
|4 http://id.loc.gov/vocabulary/relators/edt
|
| 710 |
2 |
|
|a SpringerLink (Online service)
|
| 773 |
0 |
|
|t Springer Nature eBook
|
| 776 |
0 |
8 |
|i Printed edition:
|z 9783031572661
|
| 776 |
0 |
8 |
|i Printed edition:
|z 9783031572685
|
| 830 |
|
0 |
|a Lecture Notes in Computer Science,
|x 1611-3349 ;
|v 14577
|
| 856 |
4 |
0 |
|u https://doi.org/10.1007/978-3-031-57267-8
|z Connect to the full text of this electronic book
|t 0
|
| 950 |
|
|
|a Computer Science (SpringerNature-11645)
|
| 950 |
|
|
|a Computer Science (R0) (SpringerNature-43710)
|
| 955 |
|
|
|a Springer OA ebooks.
|
| 999 |
f |
f |
|s 49b19820-100d-4e6a-965c-b782681177ac
|i a06661f9-947a-4129-8332-405a14f52488
|t 0
|
| 952 |
f |
f |
|a Texas A&M University
|b College Station
|c Electronic Resources
|d Available Online
|t 0
|e QA76.7-.73
|h Library of Congress classification
|
| 998 |
f |
f |
|a QA76.7-.73
|t 0
|l Available Online
|